Nové právne predpisy v oblasti životného prostredia

Bibliographic Details
Main Author: Lichnerová, Oľga (Author)
Format: Article
Language:Slovak
ISSN:1336-8273
Subjects:

MARC

LEADER 00000nab a2200000 ar4500
001 vtls008767727
003 SK-MaSNL
005 20260426095811.0
008 060530c2006 xo |||||||||||000 b|slo
015 |a SNBRB2006/05  |2 snkbucl 
038 |a SNKBUCL 
040 |a SNKBUCL  |b slo  |c SNKBUCL  |e AACR2 
041 0 |a slo 
044 |a xo  |c SK 
080 |a 504:340.13  |x (437.6)  |2 1997 
080 |a 340.13  |2 1997 
100 1 |a Lichnerová, Oľga  |4 aut  |9 1268396 
245 1 0 |a Nové právne predpisy v oblasti životného prostredia  |c Oľga Lichnerová 
650 0 7 |a životné prostredie  |2 snkbucl  |9 786 
650 0 7 |a environmentálna legislatíva  |2 snkbucl  |9 75928 
651 7 |a Slovensko  |2 snkbucl  |9 14231 
773 0 |t In Energo Eco  |g Roč. 1, č. 1 (2006), s. 16  |x 1336-8273 
852 |a SNK  |b KIS3GCP 
958 |a SK 
999 |c 3176830  |d 3178760